Statystyki dla Solar - Klub 27

Kliknij tutaj aby rozwiązać quiz!

Ogólne statystyki

  • Ten quiz został rozwiązany 24 razy
  • Średni wynik to 10 z 18

Statystyki odpowiedzi

GośćTytuł% Poprawnych
7Quebonafideostatni snap
100%
4Klub 27
88%
9Paluchjeszcze polska
65%
1Kękękękęvlar
65%
2kevlar
65%
5Białasneuron
65%
13Zuiamy
53%
12Beteogod mode
53%
17współlokator
53%
6RetodiREcTOr's cut
47%
11granat
47%
16solopodkontrolo
47%
3wstyd
47%
14dziękuję za uwagę
41%
15jedna wiara jeden skład 2
41%
10spinner
41%
8kod pin
35%
18to brzmi jak my
29%

Rozkład punktacji

Percentyl według liczby udzielonych odpowiedzi

Procent ludzi z każdym wynikiem

Twoja historia wyników

Nie rozwiązałeś tego quizu